Management Research Methodology : Integration of principles, methods and techniques / (Record no. 1167)
[ view plain ]
| 000 -LEADER | |
|---|---|
| Fixed length control field | 00557nam a2200169 4500 |
| 003 - CONTROL NUMBER IDENTIFIER | |
| Control field | SEACOMMC |
| 005 - DATE AND TIME OF LATEST TRANSACTION | |
| Control field | 20250512105653.0 |
| 008 - FIXED-LENGTH DATA ELEMENTS--GENERAL INFORMATION | |
| Fixed length control field | 250401b |||||||| |||| 00| 0 eng d |
| 020 ## - INTERNATIONAL STANDARD BOOK NUMBER / ISBN | |
| International Standard Book Number | 978-81-7758-563-6 |
| Price | Rs.335.00 |
| 040 ## - CATALOGING SOURCE | |
| Original cataloging agency | SEACOMMC |
| 082 ## - DEWEY DECIMAL CLASSIFICATION NUMBER | |
| Classification number | 658.0072 |
| Book Number | K 92 |
| 100 ## - MAIN ENTRY--PERSONAL NAME | |
| Personal name | Krishnaswamy, K N |
| 245 1# - TITLE STATEMENT | |
| Title | Management Research Methodology : Integration of principles, methods and techniques / |
| Statement of responsibility | K. N. Krishnaswamy, Appa Iyer Sivakumar [and] M. Mathirajan |
| 260 ## - IMPRINT | |
| Place of publication | Delhi |
| Name of publisher | Pearson Education |
| Date of publication | c2006 |
| 650 ## - SUBJECT ADDED ENTRY--TOPICAL TERM | |
| Topical term | Management |
| 942 ## - ADDED ENTRY ELEMENTS (KOHA) | |
| Koha item type | Books |
| Withdrawn status | Lost status | Source of classification | Damaged status | Not for loan | Home library | Current library | Shelving location | Date acquired | Total Checkouts | Call number | Accession number | Date last seen | Price effective from | Koha item type | Copy number |
|---|---|---|---|---|---|---|---|---|---|---|---|---|---|---|---|
| Dewey Decimal Classification | SEACOM MANAGEMENT COLLEGE | SEACOM MANAGEMENT COLLEGE | Reference | 03/03/2010 | 658.0072 K 92 | M-2796 | 01/04/2025 | 01/04/2025 | Reference Books | ||||||
| Dewey Decimal Classification | SEACOM MANAGEMENT COLLEGE | SEACOM MANAGEMENT COLLEGE | 03/03/2010 | 658.0072 K 92 | M-2797 | 01/04/2025 | 01/04/2025 | Books | 1 | ||||||
| Dewey Decimal Classification | SEACOM MANAGEMENT COLLEGE | SEACOM MANAGEMENT COLLEGE | 03/03/2010 | 658.0072 K 92 | M-2798 | 01/04/2025 | 01/04/2025 | Books | 2 |
